01022nam a22002057a 450000500170000000800410001702000180005805000180007610000450009424500720013926000370021130000180024833700100026633800140027650502930029065000210058370000390060470000430064371001300068620231102151520.0121101t19921994mx f 000 0 spa d a970-10-0081-1 aHD30 H47 199210aHERNÁNDEZ y Rodríguez, SergioeAutor10aFundamentos de administraciónc/ Sergio Hernández y Rodríguez aMéxico : bMcGraw-Hill,cc1992 a413 páginas aTexto aSin medio aContenido La administración como area de estudio Orígenes de la administración Administración científica Humano relacionismo El estructuralismo Pensamiento administrativo contemporáneo La administración en los paises socialistas La administración en México Perspectivas10aADMINISTRACIÓN aBallesteros Inda, Nicoláseautor aBailey Gutierrez, Albertoecolaborador aUniversidad Nacional Autonoma de Mexico. Facultad de Contaduria y Administracion. Division del Sistema de Universidad Abierta